000 00545pam a2200169 a 4500
020 _a9789339218157
_c
041 _h
082 _a621.384
_bCMI/COL
100 _aSmith C.,.
_eauthor.
245 _aWireless networks design and integration for LTE, EVDO, HSPA and WIMAX 3rd ed/
_hTextual Documents
250 _a3rd ed.
260 _aNew Delhi
_bMc Graw Hill Education (India) Private Limited
_c2014
300 _axxii/729:
_bp.b.;
_c24*16.
653 _aTelecommunication & Switching Systems
700 _aCollins D.,
_eauthor.
930 _a17193
999 _c60414
_d60414